00502nam a2200193 a 4500001001300000003000900013005001700022008004100039020001000080082001800090100002000108245001700128260003600145300000900181500003500190505004700225650001600272700002000288nice12345678IN_TiNIC20260116012605.0050524s1976 alla grp 000 0 urd  ac2.500a891.4391bZAI aZaidi, Mohd Ali aDiwan-E-Dagh aAllahabadbRam Narain Lalc1976 a160p aincludes index and biblioraphy2 aFoot notes by Maulana Maulvi Ilahi Bakhsh. aUrdu-Poetry1 aZaidi, Mohd Ali